000 00450nam a22001457a 4500
008 221003b |||||||| |||| 00| 0 eng d
020 _a1581349092
050 _aBV45209.5
_b.C43 2007
100 _aChallies, Tim
245 _aThe discipline of spiritual discernment/
_cTim Challies;;foreword by John Macarthur
260 _aWheaton, Illinois
_bCrossway
_c2007
300 _a206p.
650 _aDiscernment (christianity theology)
942 _2lcc
_cBK
999 _c19619
_d19618